<?xml version="1.0" encoding="utf-8"?>
<?xml-stylesheet type='text/xsl' href='./oai2.xsl'?>
<OAI-PMH xmlns="http://www.openarchives.org/OAI/2.0/" xmlns:xsi="http://www.w3.org/2001/XMLSchema-instance" xsi:schemaLocation="http://www.openarchives.org/OAI/2.0/ http://www.openarchives.org/OAI/2.0/OAI-PMH.xsd">
  <responseDate>2026-06-06T04:55:33Z</responseDate>
  <request verb="GetRecord" metadataPrefix="marcxml" identifier="record_kuniweb_159733">https://kulturerbe.niedersachsen.de/oai</request>
  <GetRecord>
    <record>
      <header>
        <identifier>record_kuniweb_159733</identifier>
        <datestamp>2025-08-28T09:38:22Z</datestamp>
        <setSpec>slg0231</setSpec>
      </header>
      <metadata>
        <marc:record xmlns:marc="http://www.loc.gov/MARC21/slim" xsi:schemaLocation="http://www.loc.gov/MARC21/slim http://www.loc.gov/standards/marcxml/schema/MARC21slim.xsd">
          <marc:leader>12345nkm  22     uu 4500</marc:leader>
          <marc:controlfield tag="001">159733</marc:controlfield>
          <marc:controlfield tag="003">http://kuniweb.gbv.de</marc:controlfield>
          <marc:controlfield tag="005">2024-03-28T14:45:46</marc:controlfield>
          <marc:controlfield tag="008">|           ||||||||||||||||||||||</marc:controlfield>
          <marc:datafield tag="245" ind1="1" ind2="0">
            <marc:subfield code="a">Skizze einer Brauereianlage für die Schlossbrauerei in Forst i. L(ausitz), 1888</marc:subfield>
          </marc:datafield>
          <marc:datafield tag="655" ind1=" " ind2="7">
            <marc:subfield code="a">Grafik</marc:subfield>
          </marc:datafield>
          <marc:datafield tag="046" ind1=" " ind2=" ">
            <marc:subfield code="k">1888-10-27</marc:subfield>
            <marc:subfield code="k">27.10.1888</marc:subfield>
          </marc:datafield>
          <marc:datafield tag="260" ind1=" " ind2=" ">
            <marc:subfield code="g">1888-10-27</marc:subfield>
            <marc:subfield code="g">27.10.1888</marc:subfield>
          </marc:datafield>
          <marc:datafield tag="520" ind1=" " ind2=" ">
            <marc:subfield code="a">Zeichnung - Bleistift
Herstellungsort - Berlin
Zeichner - F. Neubronner

Auftraggeber und Standort: 
Schloßbrauerei Forst (Lausitz)

Anmerkung:
Die Schlossbrauerei lag auf der Mirower Schlossinsel des Mirower Sees.

Im Jahre 1676 wurde die erste bekannte Brauordnung für Forst entworfen, nach der es 96 brauberechtigte Häuser in der Stadt gegeben hat. 1846 waren es 98 , worunter sich "die beiden Burglehne und zwei Freihäuser befinden".(Schneider) Die Brauberechtigung war nicht personengebunden, sondern ruhte auf dem entsprechenden Haus, womit der jeweilige Besitzer brauberechtigt wurde. Bis ins 18. Jhdt. gab es drei Brauhäuser in Forst, eines davon war das ‚Herrschaftliche Bräuhaus am Jahn'schen Schloß‘. Für das  zum Brauen benötigte Malz wurde  In der ersten Hälfte des 19. Jahrhunderts zur besseren Bereitung des zum Brauen benötigten Malzes ein Malzhaus errichtet, es bestand aber nur bis zur Jahrhunderwende.
siehe:
Forster Bier-Brau-Geschichte - Museumsverein Forst
www.museumsverein-forst.de › Geschichts-Speicher
 (Förderkreis Königshütte Bad Lauterberg e.V.)

Literatur in Zusammenhang:
Forster Bier-Brau-Geschichte - Museumsverein der Stadt Forst www.museumsverein-forst.de › Geschichts-Speicher</marc:subfield>
          </marc:datafield>
          <marc:datafield tag="650" ind1="1" ind2=" ">
            <marc:subfield code="a">Brauerei</marc:subfield>
          </marc:datafield>
          <marc:datafield tag="650" ind1="1" ind2=" ">
            <marc:subfield code="a">Grafik, Fotografie &gt; Zeichnung</marc:subfield>
          </marc:datafield>
          <marc:datafield tag="650" ind1="1" ind2=" ">
            <marc:subfield code="a">Handwerk</marc:subfield>
          </marc:datafield>
          <marc:datafield tag="650" ind1="1" ind2=" ">
            <marc:subfield code="a">Forst (Lausitz) (Spree-Neiße, Brandenburg)</marc:subfield>
          </marc:datafield>
          <marc:datafield tag="773" ind1="0" ind2=" ">
            <marc:subfield code="t">Kartenausschnitte und Grundstückspläne</marc:subfield>
          </marc:datafield>
          <marc:datafield tag="852" ind1=" " ind2=" ">
            <marc:subfield code="a">Industriedenkmal Königshütte Bad Lauterberg im Harz</marc:subfield>
          </marc:datafield>
          <marc:datafield tag="" ind1=" " ind2=" ">
            <marc:subfield code="a">Namensnennung - Nicht kommerziell - Keine Bearbeitungen 4.0 International (CC BY-NC-ND 4.0)</marc:subfield>
          </marc:datafield>
        </marc:record>
      </metadata>
    </record>
  </GetRecord>
</OAI-PMH>
